Grundzuge einer theoretischen spektralanalyse (Record no. 836)

MARC details
000 -LEADER
fixed length control field 00526nam a2200169Ia 4500
003 - CONTROL NUMBER IDENTIFIER
control field IN-BaIIA
008 - FIXED-LENGTH DATA ELEMENTS--GENERAL INFORMATION
fixed length control field 211028s9999 xx 000 0 eng d
040 ## - CATALOGING SOURCE
Transcribing agency IIA Library
080 ## - UNIVERSAL DECIMAL CLASSIFICATION NUMBER
Universal Decimal Classification number 535.33
Item number KOV
100 ## - MAIN ENTRY--PERSONAL NAME
Personal name Kovesligethy, Rudolf V.
9 (RLIN) 1785
245 #0 - TITLE STATEMENT
Title Grundzuge einer theoretischen spektralanalyse
Statement of responsibility, etc. Rudolf V. Kovesligethy
260 ## - PUBLICATION, DISTRIBUTION, ETC.
Place of publication, distribution, etc. Halle
Name of publisher, distributor, etc. Druck Und Verlag
Date of publication, distribution, etc. 1890
300 ## - PHYSICAL DESCRIPTION
Extent xi, 327p.
650 ## - SUBJECT ADDED ENTRY--TOPICAL TERM
Topical term or geographic name entry element Astronomical Techniques
9 (RLIN) 1786
650 ## - SUBJECT ADDED ENTRY--TOPICAL TERM
Topical term or geographic name entry element Spectral Analysis
9 (RLIN) 1733
942 ## - ADDED ENTRY ELEMENTS (KOHA)
Koha item type Books
Holdings
Withdrawn status Lost status Damaged status Not for loan Home library Current library Shelving location Date acquired Total Checkouts Full call number Barcode Date last seen Price effective from Koha item type
        IIA Library-Bangalore IIA Library-Kodaikanal General Stacks     535.33/ KOV 862 05/11/2021   Books

Powered by Koha